header

Handbook of experimental phenomenology (Record no. 59300)

MARC details
000 -LEADER
fixed length control field 01440nam a2200337 a 4500
082 04 - DEWEY DECIMAL CLASSIFICATION NUMBER
Classification number 152.14/2
245 00 - TITLE STATEMENT
Title Handbook of experimental phenomenology
260 ## - PUBLICATION, DISTRIBUTION, ETC. (IMPRINT)
Place of publication Hoboken :
Name of publisher Wiley,
Year of publication 2013.
300 ## - PHYSICAL DESCRIPTION
Number of Pages xii, 545 p. :
Other physical details ill.
505 0# - FORMATTED CONTENTS NOTE
Formatted contents note pt. I. Linking psychophysics and qualities -- pt. II. Qualities in space, time, and motion -- pt. III. Appearances -- pt. IV. Measurement and qualities.
650 #0 - SUBJECT ADDED ENTRY--TOPICAL TERM
Topical Term Visual perception.
Topical Term Psychophysics.
Topical Term Phenomenological psychology.
700 1# - ADDED ENTRY--PERSONAL NAME
Personal name Albertazzi, Liliana.
856 40 - ELECTRONIC LOCATION AND ACCESS
Uniform Resource Identifier http://site.ebrary.com/lib/rucke/Doc?id=10677735

No items available.

© 2026 Rongo University
Contact us: librarian | system librarian | Rongo university